000 01272njm a22002657a 4500
005 20100906161014.0
006 a|||||r|||||00| 0
007 sd ammalaaahaa
008 100901t xxu||||| |||| 00| 0 eng d
028 _aGE-23196
_bColumbia
035 _aGR-852
040 _aSED
_cSED
100 _aMahendera kapoor
_917816
245 _aModern/
_h[Gramophone Recoding] :
_b
_cby Mahendera kapoor
246 _aमोदेर्ण /(महेंदेरा कपूर )
260 _aDum Dum, India:
_bColumbia
300 _a1 sound Disc [GramaphoneRecording] :
_banalog, 33 1/3 rpm ;
_c9.5 in (MP)
_fGramaphone Records
500 _aBrief Record
505 _a १ मोहब्बत में ये क्या मुकाम आ रहे हैं (मोदेर्ण ) (महेंदेरा कपूर ) 1Mohabbat me ye kya mukam aa rahe hain(Modern) (Mahendera kapoor)/साइड २ आदमी आदमी से मिलता हैं Side 2 Aadmi aadmi se milta hain
650 _aMotion Picture Music
_xExcerpts
_zIndia
_917817
700 _917836
_aIqbal
700 _aJiger Murada badi
_918629
942 _2ddc
_cGR
999 _c44103
_d44103